[Event "Slask-ch Bak Memorial"]
[Site "Chorzow"]
[Date "2016.09.19"]
[Round "5"]
[White "Wojkowski, Mariusz"]
[Black "Pierzak, Rafael"]
[Result "1/2-1/2"]
[WhiteElo "1730"]
[BlackElo "2172"]
[PlyCount "151"]
[EventDate "2016.09.17"]
[EventType "swiss"]
[EventRounds "9"]
[EventCountry "POL"]
[SourceTitle "EXT 2018"]
[Source "ChessBase"]
[SourceDate "2017.10.13"]
[SourceVersion "1"]
[SourceVersionDate "2017.10.13"]
[SourceQuality "1"]

1. e4 e5 2. Nf3 Nc6 3. d4 exd4 4. Nxd4 Bc5 5. Nb3 Bb6 6. Nc3 Qf6 7. f4 Nge7 8. Bd3 d6 9. Qe2 Qh4+ 10. g3 Qh3 11. Qf1 0-0 12. Bd2 Qxf1+ 13. Bxf1 Bg4 14. Be2 Bxe2 15. Nxe2 f5 16. Nc3 fxe4 17. Nxe4 Nf5 18. 0-0-0 Rae8 19. Rde1 Nfd4 20. Nxd4 Nxd4 21. Rhf1 d5 22. Ng5 h6 23. Nf3 Rxe1+ 24. Nxe1 c6 25. Nd3 Re8 26. Ne5 Bc7 27. Be3 Bxe5 28. fxe5 Ne6 29. Bxa7 Ra8 30. Bb6 Rxa2 31. Rf3 Ra6 32. Bf2 Ra1+ 33. Kd2 Rh1 34. h4 d4 35. c3 Rh2 36. Kd3 dxc3 37. bxc3 Rh1 38. Be3 Rd1+ 39. Ke4 Rd5 40. h5 Ra5 41. Rf5 Ra4+ 42. Kd3 Rg4 43. Rf3 Ng5 44. Bxg5 Rxg5 45. Kd4 Rxh5 46. e6 Rh1 47. Kc5 Re1 48. Kd6 Rd1+ 49. Ke7 Ra1 50. Rf8+ Kh7 51. Rb8 b5 52. Kd8 Rd1+ 53. Kc7 Re1 54. Kd6 Kg6 55. Rf8 Rd1+ 56. Kxc6 Re1 57. Kd7 Rd1+ 58. Ke7 Re1 59. Kd7 Rd1+ 60. Ke8 Rd3 61. e7 Rxg3 62. Rf2 Rxc3 63. Kf8 Rc8+ 64. e8Q+ Rxe8+ 65. Kxe8 h5 66. Kf8 h4 67. Rg2+ Kf5 68. Kxg7 h3 69. Rg3 Ke4 70. Rxh3 Kd4 71. Kf6 b4 72. Kf5 Kc4 73. Ke4 b3 74. Rh8 b2 75. Rc8+ Kb3 76. Rb8+ 1/2-1/2